Statistieken voor 2018 - Jaaroverzicht

Klik hier om de quiz te nemen!

Algemene statistieken

  • Deze quiz is 19 keer genomen
  • De gemiddelde score is 7 van 20

Antwoordstatistieken

BeschrijvingAntwoord% Correct
Nieuwe Wereldkampioen voetbalFrankrijk
80%
Deze Zweedse DJ pleegt zelfmoordAvicii
73%
België behaalt deze plaats op het WK, de beste prestatie ooitDerde plaats | Brons
67%
De Nederlander Maarten van der Weijden doet een poging om deze beroemde route te zwemmenElfstedentocht
60%
Dit majestueus project in Nederland wordt bij een zware storm voor het eerst volledig gebruiktDeltawerken
53%
In deze Italiaanse havenstad stortte een brug inGenua
47%
Gastland van het WK voetbalRusland
47%
Deze echtgenote van voormalig Amerikaans President H. W. Bush overlijdt{Barbara} Bush
33%
Deze Belgische premier dient het ontslag van zijn regering in bij de KoningCharles Michel
33%
Deze Franse zangeres, van onder andere "Poupée de cire, poupée" de son overleedFrance Gall
33%
Deze Britse natuurkundige, wiskundige en kosmoloog overlijdtStephen Hawking
33%
In deze Amerikaanse staat wordt een aanslag geplaagd op de Marjory Stoneman Douglas High SchoolFlorida
27%
Voor de eerste keer komen de drie winnaars van de Drie Grote Ronden (Giro, Tour en Vuelta) uit dit landVerenigd Koninkrijk
27%
Deze Engelse term wordt gebruikt voor het stilleggen van de Amerikaanse overheidsinstanties, wat president Trump doet in december 2018Shutdown
20%
Deze Amerikaanse rapper wordt tijdens een overval doodgeschotenXXXTentacion
20%
Gaststad van de Olympische WinterspelenPyeongchang
13%
Deze Russische spion wordt vergiftigd in het VKSergej Skripal
7%
Deze journalist wordt vermoord in het Saoedische Consulaat in IstanboelJamal Khashoggi
0%
De naam van deze ingestorte brugPonte {Morandi}
0%
Die vergiftiging vindt plaats in deze stadSalisbury
0%

Scoreverdeling

Percentiel versus Aantal Correcte Antwoorden

Procent van Mensen met Elke Score

Uw Scoregeschiedenis

U heeft deze quiz nog niet genomen